000 01639cam a22004214a 4500
003 The World Bank
005 20140910090235.0
006 m d
007 cr cn|||||||||
008 100624s2009 dcua 000 0 eng d
010 _a2010455481
020 _a0821378406 (v. 1 : pbk.)
020 _a0821378422 (v. 2)
020 _a9780821378403 (v. 1 : pbk.)
020 _a9780821378427 (v. 2)
035 _a(The World Bank)ocn424498418
040 _aAMAUA
_cAMAUA
_dAMAUA
_dCDX
_dBTCTA
_dYDXCP
_dDLC
042 _alccopycat
050 0 0 _aHJ8899
_b.W663 2009
082 0 4 _a336.3/435/091724
_222
245 0 0 _aGlobal development finance 2009
_hrecurso electrónico
_bcharting a global recovery cthe World Bank.
246 3 0 _aCharting a global recovery
260 _aWashington D.C. bWorld Bankcc2009.
_bxx
_cxx
300 _av. <1> bill., tables c28 cm.
505 0 _av. 1: Review, analysis, and outlook -- v. 2: Summary and country tables.
650 0 _aDebts, External
_zDeveloping countries
_vStatistics.
_931222
650 0 _aFinance
_zDeveloping countries.
_931223
650 0 _aInternational finance.
_931224
650 0 _aInvestments, Foreign
_zDeveloping countries.
_931225
710 2 _aWorld Bank.
_94764
740 0 2 _aReview, analysis, and outlook.
740 0 2 _aSummary and country tables.
773 0 _dxx xx xx
_oworldbank
_tWorld Bank
776 0 8 _aPrint Versionz9780821378427
830 0 _aWorld Bank e-Library.
_931226
856 4 0 _uhttp://ez.urosario.edu.co/login?url=http://elibrary.worldbank.org/content/book/9780821378427
942 _cMATELECTR
_kBD
_2DEWEY
_h336.3
999 _c163892
_d163892